000 01069nam a2200229Ia 4500
003 Ost
005 20260416102352.0
008 260416s9999||||xx |||||||||||||| ||und||
040 _cfsecg
041 _aara
082 _a510
100 _aبوقليع، محمد
_eمؤلف
245 0 _aمحاضرات في رياضيات المؤسسة مدعمة بأمثلة وتمارين محلولة /
_c محمد بوقليع
260 _aالجزائر
_bجامعة الجزائر3: كلية العلوم الإقتصادية، العلوم التجارية وعلوم التسيير
_c2017
300 _a72 ورقة
_bايضاحات
_c30 سم
504 _aمراجع ص.71
520 _aمقدمة في رياضيات المؤسسة، البرمجة الخطية، طريقة حل البرمجة الخطية
653 _aالبرمجة الخطية
653 _aالرياضيات
710 _aجامعة الجزائر3: كلية العلوم الإقتصادية، العلوم التجارية وعلوم التسيير
_eناشر علمي
942 _cHANDOUT
999 _c41064
_d41064